Online Catalogue and eLibrary

Thesiyavaathamum thamilar vduthalayun (Record no. 1002)

MARC details
000 -LEADER
fixed length control field 00414nam a2200157Ia 4500
005 - DATE AND TIME OF LATEST TRANSACTION
control field 20250424072816.0
008 - FIXED-LENGTH DATA ELEMENTS--GENERAL INFORMATION
fixed length control field 240331s9999 xx 000 0 und d
082 ## - DDC Classification
Class No. 300
Item Number - Author Mark SIV
100 ## - MAIN ENTRY--PERSONAL NAME
Personal name Sivakumaram, S
245 #0 - TITLE STATEMENT
Title Thesiyavaathamum thamilar vduthalayun
260 ## - PUBLICATION, DISTRIBUTION, ETC.
Place of publication, distribution, etc. Colombo
Name of publisher, distributor, etc. Puthiyapoomi Veliyidagam
Date of publication, distribution, etc. 1999
300 ## - PHYSICAL DESCRIPTION
Extent (e.g. Volumes, Pages etc.) 59 p .,
650 ## - SUBJECT ADDED ENTRY--TOPICAL TERM
Topical term or geographic name entry element Thesiyavaathamum
650 ## - SUBJECT ADDED ENTRY--TOPICAL TERM
Topical term or geographic name entry element thamilar viduthalaium
942 ## - Koha item type (Biblio)
Koha item type Books in Stacks (Lending)
Holdings
Lost status Damaged status Collection code Home library Current library Shelving location Date acquired Full call number Accession Number Item type
    Lending WERC Library WERC Library Social Science Cupboard 03/31/2024 300 SIV 4214 Books in Stacks (Lending)

© WERC Library